Problémy rodiny 2 Výběr ze zahraniční odborné literatury

Salvato in:
Dettagli Bibliografici
Natura: Libro
Lingua:ceco
Pubblicazione: Praha Výzkumný ústav soc. rozv. a práce 1990
Edizione:1. vyd.
Serie:Trendy sociálního rozvoje a práce
Tags: Aggiungi Tag
Nessun Tag, puoi essere il primo ad aggiungerne!!

MARC

LEADER 00000nam a2200000 4500
001 c026652
005 20221215120434.7
041 0 |a cze 
044 |a CZ 
245 1 0 |a Problémy rodiny 2  |b Výběr ze zahraniční odborné literatury 
250 |a 1. vyd. 
264 1 |a Praha  |b Výzkumný ústav soc. rozv. a práce  |c 1990 
300 |a 181 s. 
490 1 |a Trendy sociálního rozvoje a práce 
830 0 |a Trendy sociálního rozvoje a práce